Modelos cuantitativos para administración
محفوظ في:
| المؤلف الرئيسي: | |
|---|---|
| مؤلفون آخرون: | |
| التنسيق: | كتاب |
| منشور في: |
México : Grupo Editorial Iberoamérica
1986
|
| الموضوعات: | |
| الوسوم: |
إضافة وسم
لا توجد وسوم, كن أول من يضع وسما على هذه التسجيلة!
|
MARC
| LEADER | 00000nam a2200000Ia 4500 | ||
|---|---|---|---|
| 003 | 000276 | ||
| 005 | 20221231144020.0 | ||
| 008 | 140114s1986 mx a 000 ||s d | ||
| 040 | |c cru CEDI | ||
| 082 | |a 658.403.3 D262m | ||
| 100 | |a Davis, Roscoe R. |9 18551 | ||
| 245 | |a Modelos cuantitativos para administración | ||
| 260 | |a México : Grupo Editorial Iberoamérica |c 1986 | ||
| 300 | |a vi, 758 páginas ; 23 cm | ||
| 650 | |x INVESTIGACION OPERACIONAL |x ADMINISTRACION |x MODELOS MATEMATICOS |9 18553 | ||
| 700 | |9 18552 |a Mckeown, Patrick G | ||
| 942 | |2 ddc |c BK | ||
| 999 | |c 15649 |d 15649 | ||
